| 000 | 01978nam a2200505Ii 4500 | ||
|---|---|---|---|
| 001 | DIGFCE1307 | ||
| 003 | NyNyDIG | ||
| 006 | m o d | ||
| 007 | cr ||||||||||| | ||
| 008 | 220214s2016 mx ob 001 0 spa d | ||
| 035 | _a(OCoLC)1319852790 | ||
| 040 |
_aDGITA _beng _erda _epn _cDGITA |
||
| 020 |
_a9786071641656 _qeBook _qePub |
||
| 020 | _z9786071637048 | ||
| 041 | 1 |
_aspa _hfre |
|
| 050 | 1 | 4 | _aHM831 ebook |
| 082 | 0 | 4 | _a301 |
| 100 | 1 |
_aTouraine, Alain, _eauthor. |
|
| 240 | 1 | 0 |
_aFin des sociétés. _lSpanish _s(Guilpain Peuliard) |
| 245 | 1 | 3 |
_aEl fin de las sociedades / _cAlain Touraine ; traducción, Odile Guilpain. |
| 250 | _aPrimera edición electrónica. | ||
| 264 | 1 |
_aCiudad de México : _bFondo de Cultura Económica, _c2016. |
|
| 300 | _a1 online resource. | ||
| 336 |
_atext _btxt _2rdacontent |
||
| 337 |
_acomputer _bc _2rdamedia |
||
| 338 |
_aonline resource _bcr _2rdacarrier |
||
| 347 |
_atext file _2rdaft |
||
| 347 | _bEPUB | ||
| 490 | 1 | _aSección de obras de sociología | |
| 504 | _aIncludes bibliographical references and index. | ||
| 588 | 0 | _aOnline resource; title from EPUB title page (Digitalia, viewed February 14, 2022) | |
| 650 | 0 | _aSocial change. | |
| 650 | 0 | _aSocial evolution. | |
| 650 | 0 |
_aSocial change _xEconomic aspects. |
|
| 655 | 0 | _aElectronic books. | |
| 700 | 1 |
_aGuilpain Peuliard, Odile, _etranslator. |
|
| 700 | 1 |
_iTranslation of: _aTouraine, Alain. _tFin des sociétés. |
|
| 791 | 2 |
_aDigitalia (Firm), _edistributor. |
|
| 793 | 0 |
_gDigitalia eBook Collection: _aFondo de Cultura Económica |
|
| 776 | 0 | 8 |
_iPrint version: _aTouraine, Alain. _sFin des sociétés. Spanish (Guilpain Peuliard). _tFin de las sociedades. _bPrimera edición. _dCiudad de México : Fondo de Cultura Económica, [2016] _z9786071637048 |
| 830 | 0 | _aSección de obras de sociología. | |
| 856 | 4 | 0 |
_3Digitalia Hispánica _uhttps://www.digitaliapublishing.com/a/64281/ |
| 910 | _aPremium collection: 2022 | ||
| 942 | _cRAA | ||
| 999 |
_c259935 _d259935 |
||